000 00559nam a2200181 i 4500
001 57389
003 ES-MaACL
005 20231226203931.0
007 t|
008 031016s1975 sp ||||1| spa d
100 1 _aCarroll, Lewis.
_935844
245 1 0 _aMatemática demente /
_cLewis Carroll ; selección, traducción y prólogo de Leopoldo Panero.
260 _a[Barcelona] :
_bTusquets,
_c[1975]
300 _a253 p. ;
_c18 cm.
700 1 _aPanero, Leopoldo María,
_d1948-2014
_988768
852 _aES-MaACL
_jE-8477
_bR.92926
999 _c57389
_d57389